000
00254nam a2200097Ia 4500
001
1064005
005
20250827001707.0
008
250824s9999 xx 000 0 und d
245
0
_a
FERMAN PADİŞAHINDIR
_c
R. KEMAL SUBAŞI
260
_b
ÇINARALTI YAYINLARI
999
_c
1064005
_d
1064005